<?xml version="1.0" encoding="UTF-8"?><?xml-stylesheet type="text/xsl" href="static/style.xsl"?><OAI-PMH xmlns="http://www.openarchives.org/OAI/2.0/" xmlns:xsi="http://www.w3.org/2001/XMLSchema-instance" xsi:schemaLocation="http://www.openarchives.org/OAI/2.0/ http://www.openarchives.org/OAI/2.0/OAI-PMH.xsd"><responseDate>2026-04-29T04:17:37Z</responseDate><request verb="GetRecord" identifier="oai:repisalud.isciii.es:20.500.12105/22970" metadataPrefix="marc">https://repisalud.isciii.es/rest/oai/request</request><GetRecord><record><header><identifier>oai:repisalud.isciii.es:20.500.12105/22970</identifier><datestamp>2024-11-28T23:47:02Z</datestamp><setSpec>com_20.500.12105_15322</setSpec><setSpec>com_20.500.12105_2051</setSpec><setSpec>col_20.500.12105_16967</setSpec></header><metadata><record xmlns="http://www.loc.gov/MARC21/slim" xmlns:dcterms="http://purl.org/dc/terms/" xmlns:doc="http://www.lyncode.com/xoai" xmlns:xsi="http://www.w3.org/2001/XMLSchema-instance" xsi:schemaLocation="http://www.loc.gov/MARC21/slim http://www.loc.gov/standards/marcxml/schema/MARC21slim.xsd">
   <leader>00925njm 22002777a 4500</leader>
   <datafield ind2=" " ind1=" " tag="042">
      <subfield code="a">dc</subfield>
   </datafield>
   <datafield ind2=" " ind1=" " tag="720">
      <subfield code="a">Ruiz Azcona, Laura</subfield>
      <subfield code="e">author</subfield>
   </datafield>
   <datafield ind2=" " ind1=" " tag="720">
      <subfield code="a">Roman-Rodriguez, Miguel</subfield>
      <subfield code="e">author</subfield>
   </datafield>
   <datafield ind2=" " ind1=" " tag="720">
      <subfield code="a">Llort Bove, Montserrat</subfield>
      <subfield code="e">author</subfield>
   </datafield>
   <datafield ind2=" " ind1=" " tag="720">
      <subfield code="a">van Boven, Job FM</subfield>
      <subfield code="e">author</subfield>
   </datafield>
   <datafield ind2=" " ind1=" " tag="720">
      <subfield code="a">Santibanez Marguello, Miguel</subfield>
      <subfield code="e">author</subfield>
   </datafield>
   <datafield ind2=" " ind1=" " tag="260">
      <subfield code="c">2020-06</subfield>
   </datafield>
   <datafield ind2=" " ind1=" " tag="520">
      <subfield code="a">To determine the prevalence of influenza vaccination in chronic obstructive pulmonary disease (COPD) patients and its effect on COPD exacerbations, we conducted a retrospective population-based cohort study analyzing real-life data. We included all registered COPD patients >= 40 years old using respiratory medication during the study period (2012-2013). Influenza vaccination during the 2012/2013 campaign was the parameter studied. Moderate and severe exacerbations during 2013 were the dependent outcome variables. Logistic regression adjusting for age, gender, concomitant asthma diagnosis, COPD severity, smoking status, number of moderate and severe exacerbations the previous year, and comorbidities was performed, and 59.6% of the patients received seasonal influenza vaccination. The percentage of patients with exacerbations was higher among those vaccinated. Influenza vaccination had a statistically significantly negative (non-protective) crude effect favoring the risk of severe exacerbations: OR: 1.20 (95% CI; 1.05-1.37). This association diminished and lost statistical significance after adjustment: aOR: 0.93 (95% CI; 0.74-1.18). The protective effect in the analysis restricted to the epidemic period was not significant: aOR: 0.82 (95% CI; 0.58-1.16). We concluded that prevalence of influenza vaccination was suboptimal. In contrast with most of the available evidence, our results did not support a protective effect of influenza vaccination on the risk of admission for COPD exacerbation.</subfield>
   </datafield>
   <datafield ind1="8" ind2=" " tag="024">
      <subfield code="a">Ruiz Azcona L, Román-Rodríguez M, Llort Bove M, Van Boven JFM, Santibanez Marguello M. Prevalence of Seasonal Influenza Vaccination in Chronic Obstructive Pulmonary Disease (COPD) Patients in the Balearic Islands (Spain) and Its Effect on COPD Exacerbations: A Population-Based Retrospective Cohort Study. Int J Environ Res Public Health. 2020 Jun;17(11):4027.</subfield>
   </datafield>
   <datafield ind1="8" ind2=" " tag="024">
      <subfield code="a">http://hdl.handle.net/20.500.13003/10554</subfield>
   </datafield>
   <datafield ind1="8" ind2=" " tag="024">
      <subfield code="a">https://hdl.handle.net/20.500.12105/22970</subfield>
   </datafield>
   <datafield ind1="8" ind2=" " tag="024">
      <subfield code="a">32517007</subfield>
   </datafield>
   <datafield ind1="8" ind2=" " tag="024">
      <subfield code="a">10.3390/ijerph17114027</subfield>
   </datafield>
   <datafield ind1="8" ind2=" " tag="024">
      <subfield code="a">1660-4601</subfield>
   </datafield>
   <datafield ind1="8" ind2=" " tag="024">
      <subfield code="a">International Journal of Environmental Research and Public Health</subfield>
   </datafield>
   <datafield ind1="8" ind2=" " tag="024">
      <subfield code="a">2-s2.0-85086354693</subfield>
   </datafield>
   <datafield ind1="8" ind2=" " tag="024">
      <subfield code="a">542629600280</subfield>
   </datafield>
   <datafield ind1="8" ind2=" " tag="024">
      <subfield code="a">L632044652</subfield>
   </datafield>
   <datafield tag="653" ind2=" " ind1=" ">
      <subfield code="a">Chronic obstructive pulmonary disease</subfield>
   </datafield>
   <datafield tag="653" ind2=" " ind1=" ">
      <subfield code="a">Influenza vaccination</subfield>
   </datafield>
   <datafield tag="653" ind2=" " ind1=" ">
      <subfield code="a">COPD exacerbations</subfield>
   </datafield>
   <datafield tag="653" ind2=" " ind1=" ">
      <subfield code="a">Primary prevention</subfield>
   </datafield>
   <datafield ind2="0" ind1="0" tag="245">
      <subfield code="a">Prevalence of Seasonal Influenza Vaccination in Chronic Obstructive Pulmonary Disease (COPD) Patients in the Balearic Islands (Spain) and Its Effect on COPD Exacerbations: A Population-Based Retrospective Cohort Study</subfield>
   </datafield>
</record></metadata></record></GetRecord></OAI-PMH>